00477nam a2200133Ia 4500008004100000020001800041100001500059245009000074260002000164650002600184856004100210999001900251952007300270171212s9999 xx 000 0 und d a9781911307983 aKahn, Lily cKahn, LilyaFirst Hebrew Shakespeare TranslationsbA Bilingual Edition and Commentary bUCL Pressc2017 aLanguage & Literature uhttp://jstor.org/stable/j.ctt1rfzxpx c352869d352869 001040aCLbCLd2017-12-12l0r2017-12-12 00:00:00w2017-12-12yCBE